000
00181nam a2200085 4500
001
1234087
005
20250926113943.0
245
_a
KUANTUM MEKANİĞİ
_c
TÜBİTAK
260
_b
TÜBİTAK
999
_c
1234087
_d
1234087